000 00467 a2200121 4500
050 _aBP161.2
_b.N45 2009
100 _aNehls, Gerhard.
_9289
245 _a Islam, basic aspects :
_b as it sees itself, as others see it, as it is : a teachers' textbook /
_cGerhard Nehls and Walter Erick.
260 _aNairobi :
_bLife Challenge Africa,
_cc2009.
300 _a247 p. :
_bill., maps ;
_c20 cm.
504 _aIncludes bibliographical references and index.
942 _2lcc
_cBK
_n0
999 _c1423
_d1423